LEADER 00799nam0-22003011i-450- 001 990000986630403321 035 $a000098663 035 $aFED01000098663 035 $a(Aleph)000098663FED01 035 $a000098663 100 $a20000920d1951----km-y0itay50------ba 101 0 $aeng 200 1 $aAdvanced quantum mechanics$fF.J. Dyson 210 $a[S.l.]$cs.e.$d1951] 300 $aReprint. 610 0 $aTeoria dei campi 610 0 $aTeoria dello scattering 610 0 $aTeoria dei molti corpi 676 $a530.143 700 1$aDyson,$bFreeman J.$f<1923- >$040445 801 0$aIT$bUNINA$gRICA$2UNIMARC 901 $aBK 912 $a990000986630403321 952 $a22A-006$b843$fFI1 959 $aFI1 996 $aAdvanced quantum mechanics$9247882 997 $aUNINA DB $aING01 LEADER 01202cam--2200397---450- 001 990002924660203316 005 20131001090110.0 010 $a88-464-7550-X 035 $a000292466 035 $aUSA01000292466 035 $a(ALEPH)000292466USA01 035 $a000292466 100 $a20070514d2006----km-y0itay50------ba 101 0 $aita 102 $aIT 105 $ay|||z|||001yy 200 1 $aStoria dell'archivistica italiana$edal mondo antico alla metà del secolo XX$fElio Lodolini 205 $a4. ed 210 $aMilano$cAngeli$d2006 215 $a317 p.$d23 cm 225 2 $aTemi di storia$v23 410 0$12001$aTemi di storia 606 0 $aArchivistica$xStoria$2BNCF 676 $a025.171409 700 1$aLODOLINI,$bElio$0169095 801 0$aIT$bsalbc$gISBD 912 $a990002924660203316 951 $aI.3.B. 42$b198627 L.M.$cI.3.$d00158833 951 $aI.3.B. 42a(XIII B 181 BIS)$b181722 L.M.$cI.3.$d00169316 959 $aBK 969 $aUMA 979 $aPAOLA$b90$c20070514$lUSA01$h1728 979 $aPAOLA$b90$c20070514$lUSA01$h1729 979 $aANNAMARIA$b90$c20131001$lUSA01$h0901 996 $aStoria dell'archivistica italiana$9230790 997 $aUNISA LEADER 01634nas 2200529- 450 001 9910446757503321 005 20220519172704.0 011 $a2321-5305 035 $a(DE-599)ZDB2400493-5 035 $a(OCoLC)190845467 035 $a(CKB)110978977741587 035 $a(CONSER)--2020205311 035 $a(EXLCZ)99110978977741587 100 $a20080116a19859999 --- - 101 0 $aeng 135 $aur||||||||||| 181 $ctxt$2rdacontent 182 $cc$2rdamedia 183 $acr$2rdacarrier 200 00$aJournal of interdisciplinary economics 210 21$aBerkhamsted, Herts, England :$cABA. 210 31$a[London] :$cSage Publications 311 $a0260-1079 606 $aEconomics$xMethodology$vPeriodicals 606 $aEconomics$vPeriodicals 606 $aEconomics$2fast$3(OCoLC)fst00902116 606 $aEconomics$xMethodology$2fast$3(OCoLC)fst00902160 606 $aWirtschaftswissenschaften$2gnd 606 $aInterdisziplinarität$2gnd 606 $aWirtschaftswissenschaft$2stw 606 $aInterdisziplinäre Forschung$2stw 608 $aPeriodicals.$2fast 610 10$aEconomics (General) 610 10$aEconomie (algemeen) 615 0$aEconomics$xMethodology 615 0$aEconomics 615 7$aEconomics. 615 7$aEconomics$xMethodology. 615 7$aWirtschaftswissenschaften 615 7$aInterdisziplinarität 615 7$aWirtschaftswissenschaft. 615 7$aInterdisziplinäre Forschung. 676 $a330/.05 906 $aJOURNAL 912 $a9910446757503321 996 $aJournal of interdisciplinary economics$92296211 997 $aUNINA